| 000 | 00790nam a22002057a 4500 | ||
|---|---|---|---|
| 999 |
_c153117 _d153117 |
||
| 005 | 20181103145325.0 | ||
| 010 | _aB-164293 ,B-164294 | ||
| 020 | _a 8173051801 | ||
| 035 | _aB-164293, B-164294 | ||
| 037 | _bAryan Books International | ||
| 082 | _a230.1 | ||
| 100 | _aVanamali | ||
| 245 |
_aSri Rama Lila: _bthe story of the lord's lncarnation as shri rama _cVanamali |
||
| 260 |
_aNew Delhi _bAryan Books International _c2006 |
||
| 270 |
_aPooja Apartments,4B, Ansari Road, Darya Ganj, New Delhi-110002 _bNew Delhi _e110002 |
||
| 300 |
_a275p. _c23cm(hb) |
||
| 500 | _aGlossary of Mantras | ||
| 942 |
_2ddc _cEN _h230.1 _mVAL |
||